=LDR 00000nam 2200000 4500 =001 INLIS000000000042761 =005 20240910071037 =035 ##$$a 0010-101300000000683 =008 240910################b##########0#ind## =041 ##$$a Ind =082 ##$$a 613 =090 ##$$a 613, Syi t5 =100 ##$$a Sylvia Goulding =245 1#$$a Tubuhku terawat dan kuat, /$c Sylvia Goulding; pengalih bahasa, Angkawijaya =260 ##$$a Bandung :$b Examedia,$c 2008 =300 ##$$a 32 hl. : $b ilus ; $c 25 cm =650 #4$$a Kesehatan, Pemulihan =700 #$$a Angkawijaya =850 ##$$a NBPNMAT =020 ##$$a 976879797933418 =084 ##$$a 613 SYL t =250 ##$$a cet.1 =990 ##$$a 94207/BPAP-NTB/2014 =990 ##$$a 21302069 =990 ##$$a 21302069 =990 ##$$a 94207/BPAP-NTB/2014